| 000 | 01080cam a2200337 i 4500 | ||
|---|---|---|---|
| 001 | 57668 | ||
| 003 | Mx-PuUPA | ||
| 005 | 20250131112631.0 | ||
| 008 | 140415s2017 sp gr 000 f spa d | ||
| 020 |
_a9786070308260 _qObra completa |
||
| 020 |
_a9786070308352 _qv.4 |
||
| 040 |
_aMx-PuUPA _bspa _cMx-PuUPA _dMx-PuUPA _erda |
||
| 041 | 0 | _aspa | |
| 100 | 1 |
_aSpota, Luis, _d1925-1985 _97734 _eautor |
|
| 245 | 1 | 3 |
_aEl primer día / _cLuis Spota |
| 246 | 1 | 3 | _aNovelas. |
| 250 | _aPrimera edición | ||
| 264 | 1 |
_aCiudad de México : _bSiglo XXI Editores, _c2017 |
|
| 300 |
_a527 páginas ; _c21 cm |
||
| 336 |
_2rdacontent _atexto _btxt |
||
| 337 |
_2rdamedia _asin medio _bn |
||
| 338 |
_2rdacarrier _avolumen _bnc |
||
| 490 | 0 |
_aLa Cumbre del poder ; _v4 |
|
| 490 | 0 | _aLa Creación literaria | |
| 600 | 1 | 4 |
_aSpota, Luis, _d1925-1985 _vNovelas |
| 655 | 7 |
_2armarc _aNovela mexicana |
|
| 942 |
_2ddc _cLI _h863.647 _iS762 |
||
| 999 |
_c57668 _d57668 |
||